| 000 | 01478nam a2200361 a 4500 | ||
|---|---|---|---|
| 001 | ebr10460976 | ||
| 003 | CaPaEBR | ||
| 006 | m u | ||
| 007 | cr cn||||||||| | ||
| 008 | 110217s2011 dcuabd sb 000 0 eng d | ||
| 010 | _z 2011006400 | ||
| 020 | _z9780821387429 (alk. paper) | ||
| 020 | _z9780821387436 (e-book) | ||
| 040 |
_aCaPaEBR _cCaPaEBR |
||
| 035 | _a(OCoLC)724675270 | ||
| 043 | _aee----- | ||
| 050 | 1 | 4 |
_aHD5764.7.A6 _bJ63 2011eb |
| 082 | 0 | 4 |
_a331.12/0420947 _222 |
| 245 | 0 | 4 |
_aThe jobs crisis _h[electronic resource] : _bhousehold and government responses to the great recession in Eastern Europe and Central Asia. |
| 260 |
_aWashington, D.C. : _bWorld Bank, _cc2011. |
||
| 300 |
_axxx, 100 p. : _bill., map. |
||
| 490 | 1 | _aDirections in development : human development | |
| 504 | _aIncludes bibliographical references. | ||
| 533 |
_aElectronic reproduction. _bPalo Alto, Calif. : _cebrary, _d2011. _nAvailable via World Wide Web. _nAccess may be limited to ebrary affiliated libraries. |
||
| 650 | 0 |
_aManpower policy _zEurope, Eastern. |
|
| 650 | 0 |
_aRecessions _zEurope, Eastern. |
|
| 651 | 0 |
_aEurope, Eastern _xSocial policy. |
|
| 655 | 7 |
_aElectronic books. _2local |
|
| 710 | 2 | _aWorld Bank. | |
| 710 | 2 | _aebrary, Inc. | |
| 830 | 0 |
_aDirections in development (Washington, D.C.). _pHuman development. |
|
| 856 | 4 | 0 |
_uhttp://site.ebrary.com/lib/rucke/Doc?id=10460976 _zAn electronic book accessible through the World Wide Web; click to view |
| 999 |
_c227969 _d227969 |
||